Colaboración de la Diputación provincial a la conmemoración de los Reyes Católicos
Colección:
San Jorge,
; núm. 2 (abril 1951), pàg. 76
Materias:
Biblioteca Central (Barcelona, Catalunya) -- Exposicions
; Biblioteca Central (Barcelona, Catalunya) -- Fons documentals
; Espanya -- Història -- 1479-1516, Reis Catòlics -- Exposicions
Idioma:
Español
MARC
| LEADER | 00000naa a2200000 a 4500 | ||
|---|---|---|---|
| 003 | Arxiu | ||
| 005 | 20260324181022.0 | ||
| 008 | 160829s1951 spc xx s spa c | ||
| 040 | |a agdb | ||
| 245 | |a Colaboración de la Diputación provincial a la conmemoración de los Reyes Católicos | ||
| 490 | |a San Jorge, |v núm. 2 (abril 1951), pàg. 76 | ||
| 610 | 2 | 0 | |a Biblioteca Central (Barcelona, Catalunya) |v Exposicions |9 54534 |
| 610 | 2 | 0 | |9 54535 |a Biblioteca Central (Barcelona, Catalunya) |v Fons documentals |
| 651 | 0 | |a Espanya |x Història |y 1479-1516, Reis Catòlics |v Exposicions |9 54532 | |
| 773 | |t San Jorge. |g Núm. 2 (abril 1951), pàg. 76 | ||
| 901 | |a Arxiu | ||
| 942 | |n 1 |2 udc |c ART | ||
| 952 | |0 0 |1 0 |4 0 |7 1 |9 64559 |a Arxiu |b Arxiu |d 2022-12-01 |o Rev-508 |r 2022-12-01 00:00:00 |w 2022-12-01 |y ARXIU |z També disponible a Rev-521 | ||
| 999 | |c 43385 |d 43385 | ||